000 00858cam a22002897a 4500
003 CHAP
005 20220329134751.0
008 971013s1962 r 00010 d
010 _a25559
011 _a26531
035 _a30632
040 _cCHAP
082 _a592
_bB83
100 0 0 _aBuchsbaum, Ralph Morris.
_915883
245 1 4 _aThe lower animals
_b: living invertebrates of the world
260 _aGarden City, N. Y. :
_bDoubleday,
_c1962
300 _a303 p.
_b: ilus.
490 0 _aWorld of mature series
590 _aBATCH-UPD
_b10
_c20130110
_lUCH01
_h1631
590 _aCONVERSION
_b10
_c20130109
_lUCH01
_h1315
650 1 4 _aInvertebrados.
_960203
700 0 _aMilne, Lorus J.
_975871
830 0 _aWorld of mature series
_9122729
901 _aBK
942 _cLIBRO
949 _a592 B83
_bBC
_cLIBRO
_d33724000367470
_eLIBRO
_h39836
_i30632
_si
999 _c25559
_d25559